000 00330nam a2200121Ia 4500
008 220217s9999 xx 000 0 und d
100 _aRanjith Kumar, C.
245 0 _aTyre flaps
260 _bCochin University of Science and Technology
_a Kochi
_c1980
500 _aCourse: B.Tech.
700 _aDr Joseph D Francis
942 _cTS
999 _c74325
_d74325